Skúsenosti z Ďurkovskej knižnice

Podrobná bibliografia
Hlavný autor: Kernerová, Klára, 1951- (Autor)
Médium: Článok
Jazyk:slovenčina
Predmet:

MARC

LEADER 00000nab a2200000 a 4500
001 vtls011550407
003 SK-MaSNL
005 20260304213045.0
008 160505c1985 xo |rz 0 0slo
038 |a KEVKJB 
040 |a KEVKJB  |b slo  |c KEVKJB  |e AACR2 
041 0 |a slo 
044 |a xo  |c SK 
080 |a 027.5  |2 2011 
100 1 |a Kernerová, Klára,  |d 1951-  |4 aut 
245 1 0 |a Skúsenosti z Ďurkovskej knižnice  |c Klára Gerberyová 
650 0 7 |a verejné knižnice  |2 kevkjb  |9 28929 
651 7 |a Ďurkov (Slovensko)  |2 kevkjb  |9 29870 
651 7 |a Košice-okolie (Slovensko : okres)  |2 kevkjb  |9 146743 
773 0 |t Knihovník  |g Č. 2 (1985), s. 7-9 
852 |a KEVKJB  |b KIS3GCP 
958 |a KL 
999 |c 3134049  |d 3135979